000 00916nam a22003017a 4500
003 CHAP
005 20220329143857.0
008 120509s1884 sp a r 00010 spa d
010 _a103148
011 _a104120
035 _a114809
040 _cCHAP
082 0 4 _a615.32
_aA11
100 1 _aRabuteau, A,
_993637
245 1 0 _aTraité élementaire de thérapeutique et de pharmacologie
_c/por A.Rabuteau,
250 _a4 ed.
260 _aParis. :
_b[s.n.],
_c1884
300 _a1339 p. :
_bilus.
590 _aBATCH-UPD
_b10
_c20130110
_lUCH01
_h2049
590 _aBATCH-UPD
_b10
_c20130410
_lUCH01
_h0940
590 _aBATCH-UPD
_b10
_c20130914
_lUCH01
_h1352
590 _aCONVERSION
_b10
_c20130109
_lUCH01
_h1357
650 1 4 _aFarmacología.
_939762
650 1 4 _aTerapéuticas.
_9112347
901 _aBK
942 _cLIBRO
949 _a615.32 A11
_bBC
_cBPP
_d33724002326710
_eBPP
_gDonaciØn
_h116608
_i114809
_sb
999 _c103148
_d103148